=LDR 00000nam 2200000 4500 =001 NUTBA000000000003214 =005 20140807110615.0 =006 =007 =008 =020 ##$$a 602-8596-97-3 =035 ##$$a 0010-081400000000058 =040 ##$$a NBPDMAT =082 ##$$a 510 =090 ##$$a 510 $b Far p =100 ##$$a Farid Hirji Badruzzaman =245 ##$$a Pocket book matematika SMA kelas 1,2 dan 3 / $c penulis farid Hijri Badruzzaman ; penyunting Eka Purwanda =250 ##$$a Cet.1 =260 ##$$a Jakarta : $b C Media, $c 2013 =300 ##$$a x, 526 hlm. ; $c 14 cm. =650 ##$$a Matematika SMA =700 ##$$a Eka Purwanda =850 ##$$a N =990 ##$$a 21404967